000 00321nam a2200145 4500
020 _a0-09-923301-0
082 _a813.54
100 _aMichael Crichton
245 _aRising Sun
260 _aLondon
_bArrow Books Ltd
_c1992
300 _a407p.
_e18cm.
650 _aFiction
700 _aCrichton, Michael
942 _cBK
999 _c12290
_d12290